| 000 | 00506nam a2200145 a 4500 | ||
|---|---|---|---|
| 001 | 4587 | ||
| 003 | CDMR | ||
| 005 | 20130315131622.0 | ||
| 008 | 130130s1990||||||||||||||||||||||||||||d | ||
| 040 |
_aCDMR _bcat _cCPC GIRONA |
||
| 245 | 0 |
_aFrancesc Nabot i la “Bona Premsa” _b; Europa i els Jocs Olímpics als diaris de Barcelona ; La llibertat d'informació al món |
|
| 260 |
_c1990 _bCol·legi de Periodistes de Catalunya |
||
| 490 | 0 |
_aAnnals del Periodisme Català _v16 (gener-juny 1990) |
|
| 942 |
_cMON _2udc |
||
| 999 |
_c4587 _d4587 |
||